Multimediálny sprievodca integráciou na modeli ACE EI = Multimedia guard of integration with model ACE EI : Diplomová práca

Enregistré dans:
Détails bibliographiques
Auteur principal: Trnovský, Peter, 1985- (Auteur)
Autres auteurs: Cimbaľák, Alexander (xxx)
Format: Manuscrit Livre
Langue:slovaque
Publié: Trnava : STU v Bratislave MTF UIAM, 2009
Sujets:
Tags: Ajouter un tag
Pas de tags, Soyez le premier à ajouter un tag!

MARC

LEADER 00000ntm a22000003a 4500
001 stu197602
005 20150617230034.9
008 100108s2009----xo------------------slo-d
040 |a STU  |b slo 
041 0 |a slo 
044 |a xo 
100 1 |a Trnovský, Peter,  |d 1985-  |4 aut  |u M6000  |U MTF Materiálovotechnologická fakulta  |T MTF Ústav aplikovanej informatiky, automatizácie a matematiky  |X 33675  |U M6000  |Y 86  |7 A000033675 
245 1 |a Multimediálny sprievodca integráciou na modeli ACE EI = Multimedia guard of integration with model ACE EI :  |b Diplomová práca 
260 |a Trnava :  |b STU v Bratislave MTF UIAM,  |c 2009 
300 |a 57 s  |c príl (1 CD-ROM) 
500 |a Študijný odbor: 5.2.14 automatizácia 
500 |a Študijný program: automatizácia a informatizácia procesov 
650 7 |a multimediálne systémy  |2 stusub 
700 1 |a Cimbaľák, Alexander  |4 xxx 
996 |b 284M071997  |c M*DP-8558  |l MMSKP  |s P  |a 0  |w stu197602_0001